MARC details
| 000 -LEADER |
| fixed length control field |
00962cam a2200313 i 4500 |
| 001 - CONTROL NUMBER |
| control field |
200460134 |
| 003 - CONTROL NUMBER IDENTIFIER |
| control field |
TR-AnTOB |
| 005 - DATE AND TIME OF LATEST TRANSACTION |
| control field |
20240515142327.0 |
| 007 - PHYSICAL DESCRIPTION FIXED FIELD--GENERAL INFORMATION |
| fixed length control field |
ta |
| 008 - FIXED-LENGTH DATA ELEMENTS--GENERAL INFORMATION |
| fixed length control field |
160127s2003 tu r01 $$$$ tur utur d |
| 020 ## - INTERNATIONAL STANDARD BOOK NUMBER |
| International Standard Book Number |
9965915083 |
| 040 ## - CATALOGING SOURCE |
| Original cataloging agency |
TR-AnTOB |
| Language of cataloging |
eng |
| Description conventions |
rda |
| Transcribing agency |
TR-AnTOB |
| 041 0# - LANGUAGE CODE |
| Language code of text/sound track or separate title |
Türkçe |
| 050 1# - LIBRARY OF CONGRESS CALL NUMBER |
| Classification number |
CS3050.K39 |
| 090 ## - LOCALLY ASSIGNED LC-TYPE CALL NUMBER (OCLC); LOCAL CALL NUMBER (RLIN) |
| Classification number (OCLC) (R) ; Classification number, CALL (RLIN) (NR) |
CS3050.K39 |
| Local cutter number (OCLC) ; Book number/undivided call number, CALL (RLIN) |
J36k 2003 |
| 100 ## - MAIN ENTRY--PERSONAL NAME |
| Personal name |
Januzaqov, T. J. |
| Relator term |
author |
| 9 (RLIN) |
11845 |
| 245 1# - TITLE STATEMENT |
| Title |
Kazak isimleri / |
| Statement of responsibility, etc. |
hazırlayanlar T. Januzaqov, K. Esbayeva ; aktaran Aşur Özdemir. |
| 264 #1 - PRODUCTION, PUBLICATION, DISTRIBUTION, MANUFACTURE, AND COPYRIGHT NOTICE |
| Place of production, publication, distribution, manufacture |
Almatı : |
| Name of producer, publisher, distributor, manufacturer |
Kazakistan Süleyman Demirel Üniversitesi, |
| Date of production, publication, distribution, manufacture, or copyright notice |
2003. |
| 300 ## - PHYSICAL DESCRIPTION |
| Extent |
54 pages ; |
| Dimensions |
20 cm |
| 336 ## - CONTENT TYPE |
| Content type term |
text |
| Content type code |
txt |
| Source |
rdacontent |
| 337 ## - MEDIA TYPE |
| Media type term |
unmediated |
| Media type code |
n |
| Source |
rdamedia |
| 338 ## - CARRIER TYPE |
| Carrier type term |
volume |
| Carrier type code |
nc |
| Source |
rdacarrier |
| 504 ## - BIBLIOGRAPHY, ETC. NOTE |
| Bibliography, etc. note |
Includes bibliographical references. |
| 650 #7 - SUBJECT ADDED ENTRY--TOPICAL TERM |
| Topical term or geographic name entry element |
İsimler, Türk |
| General subdivision |
Kazak |
| Source of heading or term |
etuturkob |
| 9 (RLIN) |
15131 |
| 700 1# - ADDED ENTRY--PERSONAL NAME |
| Personal name |
Esbayeva, K. S. |
| Relator term |
author |
| 9 (RLIN) |
145371 |
|
| Personal name |
Özdemir, Aşur |
| Relator term |
editor |
| 9 (RLIN) |
126680 |
| 942 ## - ADDED ENTRY ELEMENTS (KOHA) |
| Source of classification or shelving scheme |
Library of Congress Classification |
| Koha item type |
Book |